| 000 | 00719nam a2200277Ia 4500 | ||
|---|---|---|---|
| 005 | 20260320195828.0 | ||
| 008 | 008 262003s9999 xx 000 0 hin d | ||
| 020 | _a9789390625543 | ||
| 037 | _aEBOOK | ||
| 040 | _aCRL | ||
| 040 | _bhin | ||
| 040 | _cCRL | ||
| 041 | _2hin | ||
| 041 | _ahin | ||
| 084 | _qCRL | ||
| 100 |
_aपांडे शशिभूषण 'शीतांशु' _91133240 |
||
| 245 | 0 | _aकहानी की अर्थान्वेषी आलोचना | |
| 250 | _a2nd | ||
| 260 | _bRajkamal | ||
| 260 | _c2021 | ||
| 300 | _a174 | ||
| 856 | _uhttps://ebook.indiaread.in/pdfs/9789390625543.pdf | ||
| 942 | _cEBOOK | ||
| 999 |
_c1716723 _d1716723 |
||